1614 1553 1409 1130 1181 1399 1990 1252 1948 1672 1500 1162 1564 1781 1366 1683 1093 1149 1907 1707 1168 1689 1991 1347 1726 1989 1834 1903 1198 1296 1551 1545 1214 1147 1975 1210 1961 1300 1840 1889 1667 1791 1027 1898 1376 1791 1172 1572 1029 1509 1574 1146 1618 1486 1094 1022 1251 1262 1507 1505 1352 1811 1631 1912 1100 1664 1138 1209 1257 1214 1068 1113 1050 1598 1535 1440 1398 1411 1632 1690 1743 1407 1164 1638 1311 1774 1088 1699 1263 1696 1399 1685 1386 1827 1418 1752 1870 1041 1776 BCNSPRNW ULIB Ver.6.0+V

เปลี่ยนเป็นภาษาไทย

Change to English
 แสดงรายละเอียดบรรณานุกรม
  กลับหน้าหลัก

Brief Record : Get Marc (ISO 2709) : E-mail record : QR code < ปิดหน้าต่าง
LEADER : 00000nas 2200000uu 4500
001    13399124439
003     ULIB
008    150720s||||||||th 000 0 tha d
022 0  22870369
110 1  สถาบันบำบัดรักษาและฟื้นฟูผู้ติดยาเสพติดแห่งชาติบรมราชชนนี
245 00 วารสารวิชาการเสพติด/^สถาบันบำบัดรักษาและฟื้นฟูผู้ติดยาเสพติดแห่งชาติบรมราชชนนี
310    ^aราย 6 เดือน
850 ^a ULIB^bปีที่ 2 ฉบับที่ 1 ฉ.1 ;ปีที่ 2 ฉบับที่ 2 ฉ.1
945    ^p0^l0^i903151
945    ^p0^l0^i903152
999    ^aเกษร โพธิ์สุวรรณ
รายการนี้ยังไม่มีแท็ก
คุณยังไม่ได้ล็อกอิน คุณสามารถมีกิจกรรมร่วมกับเว็บไซต์ได้ แต่ต้องล็อกอินก่อน ::
  ล็อกอิน

รายการสื่อสารสนเทศ (วารสาร)

ดูแบบ: กล่อง รายการ
ARRIVED
ปีที่ 2 ฉบับที่ 1 ฉ.1
สถานที่: ห้องสมุดวิทยาเขตสวรรค์ประชารักษ์ >วารสาร
ARRIVED
ปีที่ 2 ฉบับที่ 2 ฉ.1
สถานที่: ห้องสมุดวิทยาเขตสวรรค์ประชารักษ์ >วารสาร
รายการใกล้เคียง
    ชื่อเรื่อง [วารสารวิชาการเสพติด/^สถาบันบำบัดรักษาและฟื้นฟูผู้ติดยาเสพติดแห่งชาติบรมราชชนนี]

BibComment


ยังไม่เคยถูกคอมเมนท์

คอมเมนท์ทรัพยากรรายการนี้
  คอมเมนท์: วารสารวิชาการเสพต..


 Copyright 2026. Bcnsprnw @Library